[Event "FIDE WCCC U12 2018"]
[Site "Santiago de Compostela"]
[Date "2018.11.05"]
[Round "2"]
[White "Wang, Jason"]
[Black "Nathan, Krishna"]
[Result "1-0"]
[WhiteElo "2229"]
[BlackElo "1895"]
[Annotator "TA"]
[PlyCount "155"]
[EventDate "2018.11.04"]
[EventType "swiss"]
[EventCountry "ESP"]
[SourceTitle "playchess.com"]
[Source "ChessBase"]
[SourceQuality "1"]

{[%evp 23,155,23,41,-31,-12,-9,0,0,0,-3,0,0,0,0,0,-22,-6,-33,0,0,0,0,0,0,9,5,9,0,9,9,25,10,25,22,15,-16,81,25,52,45,41,0,84,91,95,95,95,94,95,103,142,120,196,198,307,300,306,307,255,241,335,328,421,406,387,311,328,322,325,314,526,514,537,513,541,487,445,416,420,420,395,418,388,410,439,421,468,462,468,451,814,797,797,790,768,778,754,743,845,845,866,853,843,817,1379,1597,1372,1372,1927,1768,1728,1705,29987,29988,29988,29989,29988,29986,29993,29987,29990,29991,29992,29993,29993,29991,29991,29991,29994,29995,29995,29996,29996,29997]} 1. d4 d5 2. c4 c6 3. Nf3 Nf6 4. Qc2 dxc4 5. Qxc4 Bf5 6. g3 e6 7. Bg2 Nbd7 8. O-O Be7 9. Qb3 Qb6 10. Nbd2 {D23: Queen's Gambit Accepted: 3 Nf3 Nf6 sidelines} O-O 11. Nc4 Qa6 12. Bf4 Be4 {LiveBook: 5 Games} (12... Bg6 13. Nfe5 Nb6 14. Nxg6 hxg6 15. Nxb6 Qxb6 16. e4 Qxb3 17. axb3 {½-½ (51) Krasenkow,M (2624)-Grischuk,A (2716) Dagomys 2008}) 13. Nfe5 $146 ({White should try} 13. Bd6 $14 Bxd6 14. Nxd6) ({Predecessor:} 13. Nd6 Bxd6 14. Bxd6 Rfc8 15. Qe3 Qb6 16. Ba3 c5 17. dxc5 Nxc5 {0-1 (102) Khusnutdinov,R (2503)-Danin,A (2525) Pardubice 2012}) 13... Bxg2 14. Kxg2 b5 15. Nd2 Nxe5 16. Bxe5 Nd7 17. Bf4 c5 18. dxc5 Nxc5 19. Qe3 Rac8 20. a3 Bf6 21. Rac1 Na4 22. Be5 Bxe5 23. Qxe5 f6 24. Qd4 Rfd8 25. Qb4 Qb7+ 26. Nf3 a6 27. Rfd1 Nb6 28. Rxc8 Rxc8 29. Rd6 Re8 (29... Nc4 $1 $11 {keeps the balance.} 30. Rd1 a5) 30. Qd4 (30. Qc5 $16 Nd7 31. Qd4) 30... Nc8 $1 $11 {[%cal Rc8d6]} 31. Rd7 $36 {[%mdl 2048] White has good play.} Qc6 32. b4 Re7 (32... e5 $11 33. Qd5+ Qxd5 34. Rxd5 Kf7) 33. Rd8+ $16 Re8 34. Qd7 Qxd7 35. Rxd7 {[%mdl 4096] Endgame KRN-KRN} e5 36. Nd2 Ne7 37. Ra7 Rd8 (37... Nd5 $16) 38. Ne4 $18 ({Not} 38. Rxe7 Rxd2 39. Re6 Rxe2 $11) 38... Nc6 (38... f5 {was worth a try.}) 39. Rxa6 Nd4 40. e3 Nc2 41. Nc3 h5 42. Nxb5 Ne1+ 43. Kf1 Nf3 44. Rd6 Rc8 45. Ke2 e4 46. Nd4 Ne5 $2 (46... Nxd4+ 47. Rxd4 Ra8 48. Rxe4 Rxa3) 47. b5 Rc1 48. Kd2 Ra1 {[#] Hoping for ...Nc4+.} 49. Rd8+ Kf7 50. Nc2 Rb1 51. a4 Ke7 52. Rb8 Kd6 53. Kc3 Kc7 54. Rg8 g6 55. Nd4 Kb6 56. Rb8+ Ka5 (56... Kc7 $142) 57. Ra8+ Kb6 58. a5+ {[%cal Ba4a5,Ba5a6][%mdl 32]} Kb7 59. Rg8 Rc1+ 60. Kb3 Rb1+ 61. Kc2 Ra1 62. Rg7+ Kb8 63. a6 Ra4 64. Kb3 Ra1 65. Kb4 Nd3+ 66. Kc4 {[#] White threatens Nc6+ and mate.} Ne5+ 67. Kd5 g5 68. Nc6+ {White mates.} Nxc6 69. Kxc6 {KR-KR} Rc1+ 70. Kd5 Rb1 71. Rb7+ Ka8 72. Kc6 Rc1+ 73. Kb6 Rd1 74. Rf7 Rd6+ 75. Kc7 Rd2 76. b6 Rc2+ 77. Kd7 Rd2+ 78. Ke7 {Precision: White = 72%, Black = 31%.} 1-0

[Event "FIDE WCCC U12 2018"]
[Site "Santiago de Compostela"]
[Date "2018.11.05"]
[Round "2"]
[White "Flores Quillas, Diego Saul Rodri"]
[Black "Suleymanli, Suleyman"]
[Result "1/2-1/2"]
[WhiteElo "2205"]
[BlackElo "1882"]
[Annotator "ChessBase"]
[PlyCount "139"]
[EventDate "2018.11.04"]
[EventType "swiss"]
[EventCountry "ESP"]
[SourceTitle "playchess.com"]
[Source "ChessBase"]
[SourceQuality "1"]
[TimeControl "40/5400+30:1800+30"]

1. e4 {[%emt 0:00:00]} e6 {[%emt 0:00:00]} 2. d4 {[%emt 0:00:00]} d5 {[%emt 0:00:00]} 3. Nc3 {[%emt 0:00:00]} Nf6 {[%emt 0:00:00]} 4. Bg5 {[%emt 0:00:04]} Be7 {[%emt 0:00:02]} 5. e5 {[%emt 0:00:21]} Nfd7 {[%emt 0:00:07]} 6. Bxe7 {[%emt 0:00:13]} Qxe7 {[%emt 0:00:12]} 7. f4 {[%emt 0:00:32]} a6 {[%emt 0:00:10]} 8. Nf3 {[%emt 0:00:10]} c5 {[%emt 0:01:17]} 9. dxc5 {[%emt 0:00:08]} Qxc5 {[%emt 0:01:17]} 10. Qd2 {[%emt 0:00:39]} Nc6 {[%emt 0:00:29]} 11. Bd3 {[%emt 0:00:26]} b5 {[%emt 0:02:40]} 12. O-O-O {[%emt 0:04:40]} Bb7 {[%emt 0:04:22]} 13. Kb1 {[%emt 0:05:24]} h6 {[%emt 0:02:07]} 14. Ne2 {[%emt 0:08:56]} O-O-O {[%emt 0:02:08]} 15. Qe1 {[%emt 0:05:59]} g6 {[%emt 0:08:02]} 16. h4 {[%emt 0:04:20]} h5 {[%emt 0:05:55]} 17. Qg1 {[%emt 0:00:52]} Qxg1 {[%emt 0:02:42]} 18. Rhxg1 {[%emt 0:00:57]} Ne7 {[%emt 0:04:10]} 19. Ned4 {[%emt 0:03:40]} Nf5 {[%emt 0:07:32]} 20. Bxf5 {[%emt 0:02:56]} gxf5 {[%emt 0:00:15]} 21. Ng5 {[%emt 0:00:09]} Rdf8 {[%emt 0:01:01]} 22. Nb3 {[%emt 0:00:25]} Kd8 {[%emt 0:01:04]} 23. c3 {[%emt 0:15:15]} Ke7 {[%emt 0:01:17]} 24. Kc2 {[%emt 0:01:52]} Rc8 {[%emt 0:01:11]} 25. Kd3 {[%emt 0:06:32]} Nc5+ {[%emt 0:04:14]} 26. Nxc5 {[%emt 0:00:07]} Rxc5 {[%emt 0:00:03]} 27. Rd2 {[%emt 0:04:07]} a5 {[%emt 0:03:04]} 28. a3 {[%emt 0:04:01]} Ba6 {[%emt 0:01:56]} 29. Ke3 {[%emt 0:02:47]} Rb8 {[%emt 0:03:07]} 30. Ra1 {[%emt 0:05:20]} Rh8 {[%emt 0:09:49]} 31. Rd4 {[%emt 0:01:41]} a4 {[%emt 0:02:07]} 32. Rh1 {[%emt 0:00:18]} Rcc8 {[%emt 0:01:17]} 33. Rh3 {[%emt 0:00:20]} Rh6 {[%emt 0:01:35]} 34. Kf2 {[%emt 0:01:23]} Rg8 {[%emt 0:00:54]} 35. Rd1 {[%emt 0:00:29]} Rc8 {[%emt 0:02:37]} 36. Rg3 {[%emt 0:00:20]} Rb8 {[%emt 0:02:54]} 37. Nf3 {[%emt 0:00:29]} Rg6 {[%emt 0:02:55]} 38. Rg5 {[%emt 0:00:05]} Rh8 {[%emt 0:02:28]} 39. Ke3 {[%emt 0:00:38]} Kd7 {[%emt 0:05:41]} 40. Rh1 {[%emt 0:00:00]} Rh7 {[%emt 0:00:00]} 41. Nd4 {[%emt 0:00:44]} Rh8 {[%emt 0:05:11]} 42. Rh3 {[%emt 0:02:25]} Rh7 {[%emt 0:01:39]} 43. Ne2 {[%emt 0:01:14]} Bb7 {[%emt 0:04:05]} 44. Kd4 {[%emt 0:00:12]} Kc6 {[%emt 0:00:19]} 45. Ng3 {[%emt 0:00:28]} Rgh6 {[%emt 0:01:28]} 46. Ne2 {[%emt 0:00:35]} Rg6 {[%emt 0:00:08]} 47. Rhg3 {[%emt 0:00:26]} Rhh6 {[%emt 0:00:22]} 48. Ng1 {[%emt 0:04:19]} Bc8 {[%emt 0:03:23]} 49. Nf3 {[%emt 0:00:23]} Bd7 {[%emt 0:00:57]} 50. Kd3 {[%emt 0:00:44]} Kb6 {[%emt 0:00:45]} 51. Nd4 {[%emt 0:00:17]} Bc8 {[%emt 0:00:38]} 52. Kc2 {[%emt 0:00:45]} Bd7 {[%emt 0:00:44]} 53. b3 {[%emt 0:02:58]} Kc5 {[%emt 0:05:56]} 54. Rh3 {[%emt 0:01:21]} Rh8 {[%emt 0:01:20]} 55. Rh1 {[%emt 0:00:23]} axb3+ {[%emt 0:01:33]} 56. Nxb3+ {[%emt 0:00:20]} Kb6 {[%emt 0:00:18]} 57. Nd4 {[%emt 0:01:26]} Ra8 {[%emt 0:04:24]} 58. Kb3 {[%emt 0:00:23]} Rh8 {[%emt 0:04:15]} 59. Kc2 {[%emt 0:04:19]} Ra8 {[%emt 0:00:06]} 60. Ra1 {[%emt 0:00:24]} Kc5 {[%emt 0:02:29]} 61. Kd3 {[%emt 0:01:21]} Rh8 {[%emt 0:03:16]} 62. Ra2 {[%emt 0:00:47]} Rxg5 {[%emt 0:03:39]} 63. hxg5 {[%emt 0:04:18]} h4 {[%emt 0:00:11]} 64. Nf3 {[%emt 0:00:54]} Bc6 {[%emt 0:01:22]} 65. Ra1 {[%emt 0:01:19]} h3 {[%emt 0:01:18]} 66. Rh1 {[%emt 0:01:00]} d4 {[%emt 0:00:54]} 67. cxd4+ {[%emt 0:00:05]} Kb6 {[%emt 0:00:11]} 68. Ke3 {[%emt 0:00:09]} Bxf3 {[%emt 0:00:41]} 69. Kxf3 {[%emt 0:00:46]} hxg2 {[%emt 0:00:07]} 70. Rg1 {[%emt 0:01:23]} 1/2-1/2

[Event "FIDE WCCC U12 2018"]
[Site "Santiago de Compostela"]
[Date "2018.11.05"]
[Round "2"]
[White "Shen, Shiyan"]
[Black "Palczert, Matyas"]
[Result "1/2-1/2"]
[WhiteElo "2187"]
[BlackElo "1866"]
[Annotator "TA"]
[PlyCount "72"]
[EventDate "2018.11.04"]
[EventType "swiss"]
[EventCountry "ESP"]
[SourceTitle "playchess.com"]
[Source "ChessBase"]
[SourceQuality "1"]

{[%evp 15,72,44,63,42,56,18,43,12,58,47,71,0,0,0,0,-33,-17,-17,-12,-31,-20,-44,-32,-43,-25,-31,-25,-64,-36,-75,-62,-117,-46,-123,-115,-118,-111,-114,-61,-194,-173,-260,-225,-414,-410,-343,-102,-191,-214,-194,-107,-207,-64,-65,0,-160,0,0,0]} 1. e4 c5 2. Nf3 Nf6 3. d3 d5 4. Nbd2 dxe4 (4... Nc6 5. g3 e5 6. Bg2 Be7 7. O-O O-O 8. exd5 Nxd5 9. Re1 f6 10. c3 Kh8 11. Nh4 Be6 12. f4 Bf7 13. f5 g5 14. fxg6 hxg6 15. Nc4 Kg7 16. Be4 f5 17. Nxf5+ gxf5 18. Bxf5 {0-1 (30) Grischuk,A (2772)-Karjakin,S (2760) Riadh 2017}) 5. dxe4 e6 6. g3 {B29: Sicilian: 2 Nf3 Nf6 (Nimzowitsch Variation)} Be7 7. Bg2 b6 8. O-O Bb7 {LiveBook: 4 Games} 9. Re1 O-O 10. Qe2 Nc6 11. c3 a5 12. Nc4 $146 ({Predecessor:} 12. e5 Nd5 13. Nf1 Qc7 {1-0 (48) Mirek,L (1627)-Rydzewski,P (1753) Chelm Lubelski 2010}) 12... b5 13. Nce5 (13. Rd1 $16 Qe8 14. e5 bxc4 15. exf6 Bxf6 16. Nd2 (16. Qxc4 Be7 $14)) 13... Nxe5 $11 14. Nxe5 Qc7 $36 {[%mdl 2048] Black has the initiative.} 15. Ng4 Nxg4 16. Qxg4 e5 17. Be3 a4 18. f4 exf4 19. gxf4 a3 20. b3 Ra6 {...Rg6 is the strong threat.} 21. Qe2 Rb6 22. Kh1 Re6 23. Qc2 (23. Qxb5 $15 Bxe4 24. Bxe4 Rxe4 25. Bd2 Rxe1+ 26. Rxe1) 23... Rg6 (23... Rh6 $17 24. Rf1 Rd8) 24. Rg1 {[#]} (24. f5 $1 $15 Rg4 25. h3) 24... Rxg2 $1 {[%mdl 512]} 25. Rxg2 (25. Qxg2 Bf6) 25... f5 26. e5 Rd8 (26... c4 $17 {Hoping for ...Be4.} 27. b4 Rd8) 27. Rag1 (27. Qxf5 $15 Bxg2+ 28. Kxg2) 27... Qd7 28. h3 (28. h4 $142) 28... Qd3 $19 {And now ...Qxc2 would win.} 29. Qc1 $2 (29. Kh2 {was necessary.} Bxg2 30. Qxg2) 29... Bxg2+ 30. Rxg2 Qd1+ $2 (30... Qe4 $19 {and Black stays clearly on top.} 31. Kh2 Rd3) 31. Qxd1 (31. Kh2 $17 {was forced.}) 31... Rxd1+ $17 {KRB-KRB} 32. Kh2 Kf7 (32... Rd3 $19 33. Bf2 Rxc3) 33. Rd2 {[#]} (33. Bd2 $17) 33... Rxd2+ (33... Rc1 $1 $19 34. e6+ Kf6) 34. Bxd2 $15 Ke6 ({Black should try} 34... c4 $15 35. bxc4 bxc4) 35. Kg2 $2 {[#]} ({Better is} 35. c4 $1 $11 bxc4 36. bxc4) 35... h6 $2 ({Black should play} 35... Kd5 $1 $17 36. Kf3 c4 37. bxc4+ Kxc4) 36. c4 $1 $11 {[%cal Rc4b5]} b4 {Precision: White = 12%, Black = 45%.} 1/2-1/2

[Event "FIDE WCCC U12 2018"]
[Site "Santiago de Compostela"]
[Date "2018.11.05"]
[Round "2"]
[White "Milikow, Elie"]
[Black "Amilal, Munkhdalai"]
[Result "1/2-1/2"]
[WhiteElo "2173"]
[BlackElo "1864"]
[Annotator "TA"]
[PlyCount "88"]
[EventDate "2018.11.04"]
[EventType "swiss"]
[EventCountry "ESP"]
[SourceTitle "playchess.com"]
[Source "ChessBase"]
[SourceQuality "1"]

{[%evp 17,88,37,27,0,59,70,27,-7,14,-28,0,0,0,0,0,0,0,0,0,0,15,0,25,25,19,16,20,0,0,0,3,-19,22,15,38,16,11,10,10,5,15,0,0,0,0,0,0,-14,-14,-14,0,-16,0,0,0,0,0,0,0,0,0,-24,-5,-99,-29,-43,0,-25,-13,-25,0,-46,0]} 1. e4 c5 2. Nf3 d6 3. d4 cxd4 4. Nxd4 Nf6 5. Nc3 a6 6. Be2 e6 7. Be3 Qc7 8. f4 Be7 9. Bf3 O-O {LiveBook: 17 Partien. B84: Sizilianisch (Scheveninger System)} (9... Nbd7 10. g4 Nb6 11. Qe2 Nc4 12. O-O-O Nxe3 13. Qxe3 Qc5 14. Qe2 Nd7 15. Kb1 Nb6 16. g5 Bd7 17. Bh5 {0-1 (49) Krejci,J (2463)-Korobov,A (2657) Pardubice 2010}) 10. g4 {[%cal Bg2g4,Bg4g5][%mdl 32]} Nc6 ({Lieber} 10... d5 $11) 11. g5 $14 Nd7 {Weiß steht etwas besser.} 12. O-O Nxd4 13. Bxd4 e5 $146 ({Vorgänger:} 13... b5 14. a3 Bb7 15. Bg2 Rac8 16. Qh5 d5 17. e5 Bc5 18. Ne2 Rfe8 {½-½ (56) Lauritson,J (1937)-Schulz,W (2132) Winnipeg 2004}) 14. Nd5 Qd8 15. fxe5 dxe5 16. Nxe7+ Qxe7 17. Be3 Rd8 18. Qe1 Nf8 19. Qg3 b5 20. Rf2 Ng6 21. h4 {[%cal Bh2h4,Bh4h5][%mdl 32]} Qc7 22. Bg4 Bxg4 23. Qxg4 Rac8 24. Raf1 Rf8 25. c3 Qc4 26. h5 Nf4 $1 27. Bxf4 exf4 28. Rxf4 Rce8 29. a3 Re5 30. Kh2 Rxe4 31. Rxe4 Qxf1 $11 {[%mdl 4096] Endspiel KDT-KDT} 32. Rf4 Qd3 {Droht ...Dd2+ und aus.} 33. Rf2 Qd6+ 34. Kh3 Re8 35. Qf5 Rf8 36. Qf4 Qd1 37. Qf3 (37. Kh4 {is more complex.} Qh1+ 38. Kg4 Qg1+ 39. Kh4 Qe1 40. h6) 37... Qd7+ 38. Kg2 Qe7 39. Qg3 Rd8 40. Kh2 (40. Qf4 $11) 40... Qe4 (40... Rd5 $17 41. Qb8+ Qf8 42. Qxf8+ Kxf8) 41. Rg2 Qc6 42. Re2 Qc4 43. Rf2 Qe4 44. Rg2 Qc6 {Precision: Weiß = 46%, Schwarz = 38%.} 1/2-1/2

[Event "FIDE WCCC U12 2018"]
[Site "Santiago de Compostela"]
[Date "2018.11.05"]
[Round "2"]
[White "Droin, Augustin"]
[Black "Ermachenko, Manuel"]
[Result "1-0"]
[WhiteElo "2155"]
[BlackElo "1862"]
[Annotator "ChessBase"]
[PlyCount "153"]
[EventDate "2018.11.04"]
[EventType "swiss"]
[EventCountry "ESP"]
[SourceTitle "playchess.com"]
[Source "ChessBase"]
[SourceQuality "1"]
[TimeControl "40/5400+30:1800+30"]

1. e4 {[%emt 0:00:00]} c5 {[%emt 0:00:00]} 2. Nf3 {[%emt 0:00:00]} e6 {[%emt 0:00:00]} 3. d4 {[%emt 0:00:00]} cxd4 {[%emt 0:00:00]} 4. Nxd4 {[%emt 0:00:00]} a6 {[%emt 0:00:00]} 5. Bd3 {[%emt 0:01:05]} Qc7 {[%emt 0:00:05]} 6. O-O {[%emt 0:04:32]} Nf6 {[%emt 0:03:49]} 7. Re1 {[%emt 0:08:21]} d6 {[%emt 0:03:06]} 8. c4 {[%emt 0:01:08]} b6 {[%emt 0:00:20]} 9. Nc3 {[%emt 0:00:33]} Bb7 {[%emt 0:00:21]} 10. a4 {[%emt 0:08:05]} Be7 {[%emt 0:01:03]} 11. a5 {[%emt 0:02:06]} bxa5 {[%emt 0:00:22]} 12. Qa4+ {[%emt 0:00:12]} Nbd7 {[%emt 0:01:39]} 13. Nb3 {[%emt 0:03:27]} O-O {[%emt 0:01:34]} 14. Qxa5 {[%emt 0:00:24]} Qb8 {[%emt 0:01:25]} 15. Bc2 {[%emt 0:06:24]} Ne5 {[%emt 0:06:26]} 16. Qb4 {[%emt 0:03:10]} Qc7 {[%emt 0:04:19]} 17. Na5 {[%emt 0:02:54]} Rfb8 {[%emt 0:05:25]} 18. Qa4 {[%emt 0:00:42]} Nfd7 {[%emt 0:04:26]} 19. Be3 {[%emt 0:03:50]} Nb6 {[%emt 0:04:21]} 20. Bxb6 {[%emt 0:00:36]} Qxb6 {[%emt 0:00:06]} 21. b4 {[%emt 0:03:45]} Bc8 {[%emt 0:01:20]} 22. Rab1 {[%emt 0:04:18]} Bd7 {[%emt 0:00:39]} 23. Qa2 {[%emt 0:00:22]} Rc8 {[%emt 0:06:43]} 24. Nd1 {[%emt 0:02:27]} Qc7 {[%emt 0:03:09]} 25. Nb2 {[%emt 0:08:21]} Rab8 {[%emt 0:01:26]} 26. f4 {[%emt 0:02:05]} Ng4 {[%emt 0:04:34]} 27. Nd3 {[%emt 0:01:07]} Bf6 {[%emt 0:02:00]} 28. e5 {[%emt 0:08:36]} dxe5 {[%emt 0:01:57]} 29. h3 {[%emt 0:00:07]} e4 {[%emt 0:03:01]} 30. Rxe4 {[%emt 0:01:12]} Bc6 {[%emt 0:01:31]} 31. Nxc6 {[%emt 0:01:35]} Qxc6 {[%emt 0:00:07]} 32. Nc5 {[%emt 0:00:06]} Rxb4 {[%emt 0:01:53]} 33. Nxa6 {[%emt 0:01:51]} Rxb1+ {[%emt 0:01:25]} 34. Bxb1 {[%emt 0:03:48]} Nh6 {[%emt 0:01:42]} 35. c5 {[%emt 0:02:39]} Be7 {[%emt 0:00:47]} 36. Kh2 {[%emt 0:00:22]} g6 {[%emt 0:02:12]} 37. Rc4 {[%emt 0:03:07]} f5 {[%emt 0:02:30]} 38. Bd3 {[%emt 0:02:16]} Rd8 {[%emt 0:04:03]} 39. Nb4 {[%emt 0:02:26]} Qc7 {[%emt 0:00:35]} 40. Qa6 {[%emt 0:00:00]} Kf7 {[%emt 0:00:00]} 41. Qb6 {[%emt 0:03:49]} Qxb6 {[%emt 0:02:09]} 42. cxb6 {[%emt 0:00:25]} Rb8 {[%emt 0:00:31]} 43. Rc7 {[%emt 0:00:26]} Rxb6 {[%emt 0:00:15]} 44. Nc6 {[%emt 0:00:07]} Ng8 {[%emt 0:00:04]} 45. Ne5+ {[%emt 0:01:01]} Kg7 {[%emt 0:00:26]} 46. Bc4 {[%emt 0:00:37]} Rd6 {[%emt 0:00:49]} 47. Nc6 {[%emt 0:01:43]} Kf7 {[%emt 0:00:30]} 48. Ne5+ {[%emt 0:00:23]} Kg7 {[%emt 0:00:06]} 49. g4 {[%emt 0:01:30]} h6 {[%emt 0:01:13]} 50. Kg3 {[%emt 0:01:23]} Rb6 {[%emt 0:02:49]} 51. g5 {[%emt 0:02:00]} hxg5 {[%emt 0:02:05]} 52. fxg5 {[%emt 0:00:05]} Rd6 {[%emt 0:02:19]} 53. h4 {[%emt 0:02:50]} Rd4 {[%emt 0:01:06]} 54. Nf3 {[%emt 0:00:46]} Re4 {[%emt 0:00:57]} 55. Rc6 {[%emt 0:01:47]} Bd6+ {[%emt 0:08:02]} 56. Rxd6 {[%emt 0:00:14]} Rxc4 {[%emt 0:00:06]} 57. Rxe6 {[%emt 0:01:34]} Rc7 {[%emt 0:00:55]} 58. Ne5 {[%emt 0:03:30]} Ne7 {[%emt 0:00:08]} 59. Rf6 {[%emt 0:00:21]} f4+ {[%emt 0:01:58]} 60. Kg4 {[%emt 0:00:53]} Ra7 {[%emt 0:01:52]} 61. Rf7+ {[%emt 0:03:07]} Kg8 {[%emt 0:00:13]} 62. Rxe7 {[%emt 0:00:08]} Rxe7 {[%emt 0:00:11]} 63. Nxg6 {[%emt 0:00:02]} Rg7 {[%emt 0:00:32]} 64. Nxf4 {[%emt 0:00:09]} Kh7 {[%emt 0:01:00]} 65. h5 {[%emt 0:01:15]} Ra7 {[%emt 0:00:08]} 66. Nd5 {[%emt 0:04:33]} Kg7 {[%emt 0:01:03]} 67. h6+ {[%emt 0:00:56]} Kg6 {[%emt 0:00:18]} 68. Nf4+ {[%emt 0:00:05]} Kh7 {[%emt 0:00:06]} 69. Kh5 {[%emt 0:00:02]} Ra5 {[%emt 0:00:24]} 70. Ne6 {[%emt 0:00:24]} Re5 {[%emt 0:00:28]} 71. Nf8+ {[%emt 0:00:06]} Kg8 {[%emt 0:00:12]} 72. h7+ {[%emt 0:00:10]} Kh8 {[%emt 0:00:10]} 73. Ng6+ {[%emt 0:00:05]} Kxh7 {[%emt 0:00:08]} 74. Nxe5 {[%emt 0:00:04]} Kg7 {[%emt 0:00:08]} 75. g6 {[%emt 0:00:08]} Kh8 {[%emt 0:00:07]} 76. Kh6 {[%emt 0:00:06]} Kg8 {[%emt 0:00:05]} 77. Ng4 {[%emt 0:00:03]} 1-0

[Event "FIDE WCCC U12 2018"]
[Site "Santiago de Compostela"]
[Date "2018.11.05"]
[Round "2"]
[White "Vergara Anton, Diego"]
[Black "Akhmedinov, Satbek"]
[Result "0-1"]
[WhiteElo "2132"]
[BlackElo "1856"]
[Annotator "TA"]
[PlyCount "112"]
[EventDate "2018.11.04"]
[EventType "swiss"]
[EventCountry "ESP"]
[SourceTitle "playchess.com"]
[Source "ChessBase"]
[SourceQuality "1"]

{[%evp 20,112,8,0,8,-39,22,19,56,53,215,216,287,284,323,334,326,330,307,200,207,202,189,148,167,106,112,109,108,107,127,101,129,83,135,114,127,106,170,163,159,0,9,10,9,0,0,0,0,0,0,0,0,2,1,-509,-493,-541,-541,-541,-541,-683,-758,-756,-736,-675,-667,-1675,-1635,-1604,-718,-1282,-1165,-1080,-1022,-1556,-1556,-1556,-1556,-5373,-1547,-2380,-1438,-1164,-1094,-1080,-1080,-1080,-1026,-29977,-29978,-29978,-29979,-29988,-29989]} 1. d4 Nf6 2. Nf3 g6 3. g3 Bg7 4. Bg2 d5 5. O-O O-O 6. c4 dxc4 7. Na3 c3 8. bxc3 c5 9. e3 Nc6 10. Nc4 {D77: Fianchetto Grünfeld: 6 0-0: Replies other than 6...c6} (10. Qe2 Bf5 11. Rd1 Qb6 12. Nc4 Qa6 13. Bf1 Rfd8 14. a4 Rac8 15. Bb2 b6 16. h3 h5 17. d5 Na5 18. Nxa5 Qxe2 19. Bxe2 bxa5 {½-½ (41) Melkumyan,H (2633)-Salem,A (2638) Riadh 2017}) 10... Be6 11. Qe2 {LiveBook: 7 Games} Rc8 {aiming for ...cxd4.} 12. Ncd2 {The position is equal.} Nd5 (12... cxd4 $15 13. exd4 Na5) 13. Bb2 $11 Qb6 $146 ({Predecessor:} 13... Nb6 14. Ng5 Bd7 15. Rab1 cxd4 16. cxd4 e5 17. Ngf3 exd4 18. Nxd4 Nxd4 19. Bxd4 Bxd4 20. exd4 {0-1 (56) Sandner,G (2323)-Joachim,S (2471) Germany 2003}) 14. Rab1 Qa5 $2 (14... cxd4 $14 15. cxd4 Ncb4) 15. c4 $18 Nb6 16. d5 Nxd5 17. cxd5 Bxd5 18. Bxg7 Kxg7 19. Nb3 Qa3 20. e4 Be6 21. Rfc1 b6 22. Qb2+ (22. Ng5 $18) 22... Qxb2 $16 23. Rxb2 Rfd8 24. Bf1 h6 25. h4 Nb4 26. Nfd2 Nc6 (26... Nd3 $142 27. Bxd3 Rxd3) 27. Bc4 Bxc4 28. Nxc4 b5 {[#]} (28... Nb4 $16 {keeps fighting.}) 29. Nca5 $1 $18 c4 {[#] White should prevent ...Ne5.} 30. Nb7 $2 (30. Nxc6 $1 $16 Rxc6 31. Na5) 30... Rd7 31. N3c5 Rdc7 32. a4 a6 33. axb5 axb5 34. Rxb5 Nd4 35. Rb2 c3 36. Rxc3 {Hoping for Kg2.} Rxb7 $1 37. Rd2 $2 {[%mdl 8192] [#]} (37. Rxb7 $11 {and White has nothing to worry.} Ne2+ 38. Kg2 Nxc3 39. Nd3) 37... Rxc5 $1 $19 {[%mdl 512]} 38. Rxc5 {[%mdl 4096] Endgame KRR-KRN} Nf3+ 39. Kg2 Nxd2 {KRN-KR} 40. f3 Rb2 41. Rc7 Nxe4+ 42. Kh3 Nd2 43. Rxe7 Nxf3 {( -> ...Ng1+)} 44. g4 Nd4 45. Re4 Rb3+ 46. Kg2 Nf3 47. h5 gxh5 48. gxh5 Ng5 49. Rg4 Rb5 50. Kg3 Kf6 51. Rf4+ Rf5 {White must now prevent ...Rxf4.} 52. Ra4 Ne6 53. Kg4 Rg5+ 54. Kh4 Ke5 {Black mates.} 55. Ra5+ Ke4 56. Ra4+ Nd4 {Precision: White = 43%, Black = 42%.} 0-1

[Event "FIDE WCCC U12 2018"]
[Site "Santiago de Compostela"]
[Date "2018.11.05"]
[Round "2"]
[White "Nguyen, Quoc Hy"]
[Black "Sahinoz, Giulio O"]
[Result "1-0"]
[WhiteElo "2117"]
[BlackElo "1847"]
[Annotator "TA"]
[PlyCount "45"]
[EventDate "2018.11.04"]
[EventType "swiss"]
[EventCountry "ESP"]
[SourceTitle "playchess.com"]
[Source "ChessBase"]
[SourceQuality "1"]

{[%evp 10,45,9,-13,93,77,132,139,132,106,106,104,109,93,106,70,70,51,104,68,89,77,89,93,102,108,141,148,156,159,582,572,769,723,1606,1421,1592,1551]} 1. c4 Nf6 2. Nc3 e6 3. e4 {[%cal Be2e4,Be4e5][%mdl 32]} d5 4. e5 Ne4 5. Nxe4 dxe4 6. Qg4 $1 {LiveBook: 36 Games} Qd4 {[#] A18: English Opening: Flohr-Mikenas System (1 c4 Nf6 2 Nc3 e6 3 e4)} (6... f5 $11 {remains equal.} 7. exf6 Qxf6) (6... Nc6 7. Qxe4 Qd4 8. Qxd4 Nxd4 9. Bd3 Bd7 10. Ne2 Bc5 11. b4 Nxe2 12. Kxe2 Bd4 13. Rb1 Bxe5 {½-½ (13) Bareev,E (2670)-Rozentalis,E (2645) Kazan 1997}) 7. Nf3 $1 $16 {[%cal Rf3d4][%mdl 512]} Qd8 $146 (7... Qb6 $142 8. Qxe4 Bd7) (7... exf3 8. Qxd4) ({Predecessor:} 7... h5 8. Qf4 Qd7 9. Qxe4 c5 10. Be2 Nc6 11. O-O b6 12. d4 cxd4 13. Rd1 Bc5 14. b4 Bxb4 15. Nxd4 Nxd4 16. Rxd4 {½-½ (54) Rodi,L (2353)-Manzi,L (2120) Rio de Janeiro 2013}) 8. Qxe4 c5 {White is clearly better.} 9. d4 cxd4 10. Qxd4 Qc7 11. a3 Nc6 12. Qe3 (12. Qc3 {seems wilder.} b6 13. Bf4 Bb7 14. Rd1 h6 15. Bd3) 12... b6 13. Be2 {[%cal Bf1e2,Be2d3,Bd3e4][%mdl 32]} a5 ({Better is} 13... Bb7 $14) 14. O-O Bc5 15. Qg5 O-O 16. Bd3 Rd8 17. Be4 Bb7 {[#]} 18. Qh4 $1 {[%cal Rh4h7]} g6 19. Bg5 Be7 $2 (19... Rd7 $16 {is more resistant.} 20. Rfd1 Ne7) 20. Bxc6 $18 {White is clearly winning.} Bxg5 21. Nxg5 ({Worse is} 21. Qxg5 Bxc6 22. Ne1 Be4 $11) 21... Bxc6 22. Qxh7+ Kf8 {[#]} 23. Nxe6+ $1 {[%mdl 512]} 1-0